| 000 | 00976nam a22002655a 4500 | ||
|---|---|---|---|
| 003 | OSt | ||
| 005 | 20170409140849.0 | ||
| 008 | 170409s2013 ua frb 000 0 ara d | ||
| 015 | _a93 / 3889 | ||
| 020 | _a9770411574 | ||
| 040 |
_aEG-ScBUE _bara _cEG-ScBUE |
||
| 043 | _af-ua--- | ||
| 082 | 0 | 4 |
_a345.6205 _bب ل ا _222 |
| 100 | 1 | _aبلال، أحمد عوض. | |
| 245 | 1 | 0 |
_aقاعدة استبعاد الأدلة المتحصلة بطرق غير مشروعة في الإجراءات الجنائية المقارنة / _cأحمد عوض بلال. |
| 250 | _aط. 3. | ||
| 260 |
_aالقاهرة : _bدار النهضة العربية، _c2013. |
||
| 300 |
_a597 ص. ؛ _c24 سم. |
||
| 504 | _aيشتمل على إرجاعات ببليوجرافية. | ||
| 650 | 7 |
_aقانون الإجراءات الجنائية _zمصر. _2BUEsh _941140 |
|
| 650 | 7 |
_aالأدلة الجنائية _zمصر. _2BUEsh |
|
| 651 | _2BUEsh | ||
| 653 |
_bLLAAWW _cApril2017 |
||
| 942 | _2ddc | ||
| 999 |
_c24629 _d24601 |
||